| 000 | 00982cam a2200253 i 4500 | ||
|---|---|---|---|
| 003 | SA-RiAUC | ||
| 005 | 20250420153112.0 | ||
| 008 | 241124s1993 su g 00010 ara c | ||
| 040 |
_aSA-RiAUC _bara _cSA-RiAUC _erda |
||
| 082 | 0 | 4 | _a251.17 |
| 090 |
_a251.17 _bح س ا |
||
| 100 | 1 |
_aحسان، حسين حامد، _d1932- _eمؤلف. |
|
| 245 | 1 | 0 |
_aفقه المصلحة وتطبيقاته المعاصرة / _cحسين حامد حسان. |
| 264 | 1 |
_aجدة، السعودية : _bالبنك الإسلامي للتنمية، _c1993 |
|
| 300 |
_a71 صفحة ؛ _c24 سم. |
||
| 336 |
_aنص _btxt _2rdacontent _3كتاب |
||
| 337 |
_aبدون وسيط _bn _2rdamedia |
||
| 338 |
_aمجلد _bnc _2rdacarrier |
||
| 440 | 0 |
_aسلسلة محاضرات العلماء البارزين _v3 |
|
| 650 | 7 |
_aالأدلة الشرعية _2aucsh |
|
| 650 | 7 |
_aالمصالح المرسلة (أصول فقه) _2aucsh |
|
| 942 |
_2ddc _cBOOK _n0 |
||
| 949 |
_aSA-JeALM _d241124 _umohamedma123 _n1 |
||
| 999 |
_c7240 _d7240 |
||